Ulakat Tamil̲ Mānāṭu vil̲ā malar. (Record no. 83701)

MARC details
000 -LEADER
fixed length control field 00713cam a22002411 4500
001 - CONTROL NUMBER
control field sa 68011048
003 - CONTROL NUMBER IDENTIFIER
control field DLC
005 - DATE AND TIME OF LATEST TRANSACTION
control field 20260227112557.0
008 - FIXED-LENGTH DATA ELEMENTS--GENERAL INFORMATION
fixed length control field 890623s1968 ii acf 100 0 tamo
010 ## - LIBRARY OF CONGRESS CONTROL NUMBER
LC control number sa 68011048
035 ## - SYSTEM CONTROL NUMBER
System control number (OCoLC)19919224
040 ## - CATALOGING SOURCE
Original cataloging agency DLC
Transcribing agency WaU
Modifying agency DLC
041 0# - LANGUAGE CODE
Language code of text/sound track or separate title tam
-- eng
042 ## - AUTHENTICATION CODE
Authentication code premarc
050 00 - LIBRARY OF CONGRESS CALL NUMBER
Classification number PL4751
Item number .A3 1968a
111 2# - MAIN ENTRY--MEETING NAME
Meeting name or jurisdiction name as entry element International Conference-Seminar of Tamil Studies
Number of part/section/meeting (2nd :
Date of meeting or treaty signing 1968 :
Location of meeting Madras, India)
245 10 - TITLE STATEMENT
Title Ulakat Tamil̲ Mānāṭu vil̲ā malar.
260 ## - PUBLICATION, DISTRIBUTION, ETC.
Date of publication, distribution, etc. 1968.
300 ## - PHYSICAL DESCRIPTION
Extent 1 v. (various pagings)
Other physical details illus. (part col.), col. plates, ports.
Dimensions 28 cm.
500 ## - GENERAL NOTE
General note Cover title.
500 ## - GENERAL NOTE
General note Tamil or English.
650 #0 - SUBJECT ADDED ENTRY--TOPICAL TERM
Topical term or geographic name entry element Tamil philology.

No items available.

Powered by Koha